000
00181nam a2200073Ia 4500
008
170817s9999 xx 000 0 und d
100
_a
N.C.E.R.T.
245
0
_a
Business Studis Part 1 (Class-XI)
260
_b
C.B.S.E
999
_c
38216
_d
38216